000 00519nam a2200157 4500
999 _c7451
_d7451
008 170914b xxu||||| |||| 00| 0 eng d
022 _a0091-4169
082 _aDPer 364.05 J82 2012 v. 102, n. 3
100 _922575
_aLuna, Erik.
245 _aProsecutorial decriminalization/
_cErik Luna.
260 _aEvanston:
_bNorthwestern University Press,
_c©2012.
300 _av102 n3, 785-820 pages,
_c25 cm.
500 _aThe accounting review.
650 0 _922576
_aAdministration of criminal justice
942 _2ddc
_cPER